<?xml version="1.0" encoding="UTF-8"?>
<record
    xmlns:xsi="http://www.w3.org/2001/XMLSchema-instance"
    xsi:schemaLocation="http://www.loc.gov/MARC21/slim http://www.loc.gov/standards/marcxml/schema/MARC21slim.xsd"
    xmlns="http://www.loc.gov/MARC21/slim">

  <leader>01080nam a22002777a 4500</leader>
  <controlfield tag="003">DO-SdBNP</controlfield>
  <controlfield tag="005">20220628101126.0</controlfield>
  <controlfield tag="007">ta</controlfield>
  <controlfield tag="008">220624b2017    |||a|||f |||| 001 0 spa d</controlfield>
  <datafield tag="020" ind1=" " ind2=" ">
    <subfield code="a">9790580290441</subfield>
  </datafield>
  <datafield tag="040" ind1=" " ind2=" ">
    <subfield code="a">DO-SdBNP</subfield>
    <subfield code="b">spa</subfield>
    <subfield code="c">BNPHU</subfield>
  </datafield>
  <datafield tag="082" ind1="4" ind2=" ">
    <subfield code="2">22</subfield>
    <subfield code="a">787.87</subfield>
    <subfield code="b">S285o</subfield>
  </datafield>
  <datafield tag="100" ind1="1" ind2=" ">
    <subfield code="a">Scarfullery, Rafael</subfield>
    <subfield code="9">74923</subfield>
  </datafield>
  <datafield tag="245" ind1="1" ind2="0">
    <subfield code="a">Obras completas para la guitarra cl&#xE1;sica /</subfield>
    <subfield code="c">Rafael Scarfullery </subfield>
  </datafield>
  <datafield tag="260" ind1=" " ind2=" ">
    <subfield code="a">Estados Unidos : </subfield>
    <subfield code="b">Scarfullery Music, LLC,</subfield>
    <subfield code="c">2017.</subfield>
  </datafield>
  <datafield tag="300" ind1=" " ind2=" ">
    <subfield code="a">2 v. : </subfield>
    <subfield code="b">il. : </subfield>
    <subfield code="c">28 cm</subfield>
  </datafield>
  <datafield tag="500" ind1=" " ind2=" ">
    <subfield code="a">Incluye 2 volumenes.</subfield>
  </datafield>
  <datafield tag="500" ind1=" " ind2=" ">
    <subfield code="a">La portada de arte frontal es una pintura de Ralph Albert Blakelock.</subfield>
  </datafield>
  <datafield tag="505" ind1=" " ind2=" ">
    <subfield code="a">V.1-  A Pleasant Walk --  Caribbean Waltz --   Nostargia -- Classical Danze -- Joy. V.2. Moon Dance -- Sun Dance -- Rain Dance. </subfield>
  </datafield>
  <datafield tag="534" ind1=" " ind2=" ">
    <subfield code="e">The front art cover is a painting by Ralph Albert Blakelock.</subfield>
  </datafield>
  <datafield tag="590" ind1=" " ind2=" ">
    <subfield code="a">Inventariado, 2022 / SA</subfield>
  </datafield>
  <datafield tag="650" ind1="4" ind2="0">
    <subfield code="9">59543</subfield>
    <subfield code="a">M&#xFA;sica</subfield>
    <subfield code="x">Guitarra</subfield>
    <subfield code="v">M&#xE9;todos autodid&#xE1;cticos </subfield>
  </datafield>
  <datafield tag="650" ind1="4" ind2="0">
    <subfield code="9">41524</subfield>
    <subfield code="a">M&#xFA;sica para guitarra </subfield>
    <subfield code="x">Lectura musical</subfield>
    <subfield code="x">Partituras</subfield>
  </datafield>
  <datafield tag="910" ind1=" " ind2=" ">
    <subfield code="a">Saquino</subfield>
  </datafield>
  <datafield tag="942" ind1=" " ind2=" ">
    <subfield code="2">ddc</subfield>
    <subfield code="c">LBS1</subfield>
  </datafield>
  <datafield tag="952" ind1=" " ind2=" ">
    <subfield code="0">0</subfield>
    <subfield code="1">0</subfield>
    <subfield code="2">ddc</subfield>
    <subfield code="5">1</subfield>
    <subfield code="7">0</subfield>
    <subfield code="8">GR</subfield>
    <subfield code="a">BNPHU</subfield>
    <subfield code="b">BNPHU</subfield>
    <subfield code="c">CT</subfield>
    <subfield code="d">2019-06-18</subfield>
    <subfield code="e">Donado</subfield>
    <subfield code="o">BNPHU GR 787.87 S285o</subfield>
    <subfield code="p">2022-3191</subfield>
    <subfield code="r">2022-06-24</subfield>
    <subfield code="t">V.1</subfield>
    <subfield code="w">2022-06-24</subfield>
    <subfield code="y">LBS1</subfield>
  </datafield>
  <datafield tag="952" ind1=" " ind2=" ">
    <subfield code="0">0</subfield>
    <subfield code="1">0</subfield>
    <subfield code="2">ddc</subfield>
    <subfield code="5">1</subfield>
    <subfield code="7">0</subfield>
    <subfield code="8">GR</subfield>
    <subfield code="a">BNPHU</subfield>
    <subfield code="b">BNPHU</subfield>
    <subfield code="c">CT</subfield>
    <subfield code="d">2019-06-18</subfield>
    <subfield code="e">Donado</subfield>
    <subfield code="o">BNPHU GR 787.87 S285o</subfield>
    <subfield code="p">2022-3193</subfield>
    <subfield code="r">2022-06-24</subfield>
    <subfield code="t">V.1, e.2</subfield>
    <subfield code="w">2022-06-24</subfield>
    <subfield code="y">LBS1</subfield>
  </datafield>
  <datafield tag="952" ind1=" " ind2=" ">
    <subfield code="0">0</subfield>
    <subfield code="1">0</subfield>
    <subfield code="2">ddc</subfield>
    <subfield code="5">6</subfield>
    <subfield code="7">0</subfield>
    <subfield code="8">GR</subfield>
    <subfield code="a">BNPHU</subfield>
    <subfield code="b">BNPHU</subfield>
    <subfield code="c">CT</subfield>
    <subfield code="d">2019-06-18</subfield>
    <subfield code="e">Donado</subfield>
    <subfield code="o">BNPHU GR  787.87 S285o</subfield>
    <subfield code="p">2022-3194</subfield>
    <subfield code="r">2022-06-24</subfield>
    <subfield code="t">V.1, e.3</subfield>
    <subfield code="w">2022-06-24</subfield>
    <subfield code="y">LBS1</subfield>
  </datafield>
  <datafield tag="952" ind1=" " ind2=" ">
    <subfield code="0">0</subfield>
    <subfield code="1">0</subfield>
    <subfield code="2">ddc</subfield>
    <subfield code="5">1</subfield>
    <subfield code="7">0</subfield>
    <subfield code="8">GR</subfield>
    <subfield code="a">BNPHU</subfield>
    <subfield code="b">BNPHU</subfield>
    <subfield code="c">CT</subfield>
    <subfield code="d">2019-06-18</subfield>
    <subfield code="e">Donado</subfield>
    <subfield code="o">BNPHU GR 787.87 S285o</subfield>
    <subfield code="p">2022-3195</subfield>
    <subfield code="r">2022-06-24</subfield>
    <subfield code="t">V.2</subfield>
    <subfield code="w">2022-06-24</subfield>
    <subfield code="y">LBS1</subfield>
  </datafield>
  <datafield tag="952" ind1=" " ind2=" ">
    <subfield code="0">0</subfield>
    <subfield code="1">0</subfield>
    <subfield code="2">ddc</subfield>
    <subfield code="5">1</subfield>
    <subfield code="7">0</subfield>
    <subfield code="8">GR</subfield>
    <subfield code="a">BNPHU</subfield>
    <subfield code="b">BNPHU</subfield>
    <subfield code="c">CT</subfield>
    <subfield code="d">2019-06-18</subfield>
    <subfield code="e">Donado</subfield>
    <subfield code="o">BNPHU GR 787.87 S285o</subfield>
    <subfield code="p">2022-3196</subfield>
    <subfield code="r">2022-06-24</subfield>
    <subfield code="t">V.2, e.2</subfield>
    <subfield code="w">2022-06-24</subfield>
    <subfield code="y">LBS1</subfield>
  </datafield>
  <datafield tag="952" ind1=" " ind2=" ">
    <subfield code="0">0</subfield>
    <subfield code="1">0</subfield>
    <subfield code="2">ddc</subfield>
    <subfield code="5">6</subfield>
    <subfield code="7">0</subfield>
    <subfield code="8">GR</subfield>
    <subfield code="a">BNPHU</subfield>
    <subfield code="b">BNPHU</subfield>
    <subfield code="c">CT</subfield>
    <subfield code="d">2019-06-18</subfield>
    <subfield code="e">Donado</subfield>
    <subfield code="o">BNPHU GR 787.87 S285o</subfield>
    <subfield code="p">2022-3197</subfield>
    <subfield code="r">2022-06-24</subfield>
    <subfield code="t">V.2, e.3</subfield>
    <subfield code="w">2022-06-24</subfield>
    <subfield code="y">LBS1</subfield>
  </datafield>
  <datafield tag="999" ind1=" " ind2=" ">
    <subfield code="c">52109</subfield>
    <subfield code="d">52109</subfield>
  </datafield>
</record>
